Tài liệu luyện thi kiểm tra năng lực tiếng Nhật : Trình độ cấp 2 ( trung cấp). t.II /
محفوظ في:
| المؤلف الرئيسي: | |
|---|---|
| التنسيق: | Sách giấy |
| اللغة: | Vietnamese |
| منشور في: |
Tp. HCM :
Trẻ,
2006
|
| الموضوعات: | |
| الوسوم: |
إضافة وسم
لا توجد وسوم, كن أول من يضع وسما على هذه التسجيلة!
|
| Thư viện lưu trữ: | Thư viện Trường Đại học Đà Lạt |
|---|
| LEADER | 00831nam a2200313 4500 | ||
|---|---|---|---|
| 001 | DLU060055368 | ||
| 005 | ##20060929 | ||
| 040 | # | # | |a DLU |b vie |
| 041 | # | # | |a vie |
| 044 | # | # | |a vn |
| 082 | # | # | |a 495.682 |b TR-T |
| 100 | # | # | |a Trần Việt Thanh |
| 245 | # | # | |a Tài liệu luyện thi kiểm tra năng lực tiếng Nhật : |b Trình độ cấp 2 ( trung cấp). |n t.II / |c Trần Việt Thanh |
| 246 | # | # | |a Tài liệu luyện thi năng lực tiếng Nhật |
| 260 | # | # | |a Tp. HCM : |b Trẻ, |c 2006 |
| 300 | # | # | |a 470 tr. ; |c 19 cm |
| 653 | # | # | |a Ngữ pháp |
| 653 | # | # | |a Tiếng Nhật |
| 923 | # | # | |a 21/2006 |
| 990 | # | # | |a t.II |
| 992 | # | # | |a 47.000 |
| 994 | # | # | |a DLU |
| 900 | # | # | |a True |
| 911 | # | # | |a Đào Thị Thu Huyền |
| 925 | # | # | |a G |
| 926 | # | # | |a A |
| 927 | # | # | |a SH |
| 980 | # | # | |a Thư viện Trường Đại học Đà Lạt |